Culture Générale - Série 2644 - Statistiques

Statistiques générales
  • Ce quiz a été pris 83 fois
  • Le résultat moyen est 4 sur 10
Statistiques - réponses
Question Réponse % Correct
Dans quelle ville turque peut-on visiter le musée Topkapi ? Istanbul
76%
Quel département français porte le numéro 38 ? Isère
70%
Dans quelle ville d'Espagne peut-on visiter le musée Guggenheim ? Bilbao
65%
Quel fleuve traverse Bayonne ? Adour
38%
Sur quelle île se situe l'action du roman de Victor Hugo intitulé "Les travailleurs de la mer" ? Guernesey
35%
Comment s'appelle le fils des Thénardier dans "Les Misérables" de Victor Hugo ? Gavroche
34%
Quel acteur disparu en 2003 était "le boucher" dans le film du même nom de Claude Chabrol ? prénom et nom Jean Yanne
28%
Chicaner- chinoiser-chipoter - 7 lettres commençant par " e " ergoter
20%
Sous quel prénom et nom connaissait-on mieux la chanteuse et actrice Maitena Marie Brigitte Doumenach (1939-2019) ? Marie Laforêt
15%
Grand chapelet de quinze dizaines d'Ave précédées chacune d'un Pater rosaire
15%
Aucun quiz correspondant
Distribution des résultats
% des personnes avec chaque résultat
Percentile par nombre de réponses
Votre historique - résultats
Vous n’avez pas pris ce quiz